000 00550nam a22001697a 4500
003 BD-ChCU
005 20260514093453.0
008 260514b bg ||||| |||| 00| 0 ben d
040 _cBD-ChCU
082 _aREF 491.103 TSA
100 _a Tsuyoshi Nara .
_922964
245 _aAvahattha & comparative vocabulary of new Indo - Aryan languages ./
_cNara Avahattha.
260 _aTokyo :
_bInstitute for the study of language & Cultures of Asia & Africa .
_cC 1979
300 _avi , 166p.
650 0 _aAryan languages.
_922967
942 _2ddc
_cBK
_n0
999 _c112965
_d112965